| 000 | 00736nam a22002537a 4500 | ||
|---|---|---|---|
| 003 | CHAP | ||
| 005 | 20220329134855.0 | ||
| 008 | 971013s1959 r 00010 d | ||
| 010 | _a27304 | ||
| 011 | _a28276 | ||
| 035 | _a32379 | ||
| 040 | _cCHAP | ||
| 090 | _aFolleto 322 | ||
| 100 | 0 | 0 |
_aKelly, Isabel. _962957 |
| 245 | _aTechnical cooperation and the culture of the host country | ||
| 260 |
_a(s.l.) : _bInternational Cooperation Administration, _c1959 |
||
| 300 | _a21 p. | ||
| 590 |
_aBATCH-UPD _b10 _c20130110 _lUCH01 _h2043 |
||
| 590 |
_aCONVERSION _b10 _c20130109 _lUCH01 _h1316 |
||
| 650 | 1 | 4 |
_aDesarrollo de la comunidad. _931967 |
| 901 | _aBK | ||
| 942 | _cFOLL | ||
| 949 |
_aFolleto 322 _bBC _cFOLL _d-75173 _eTS1 _i32379 _si |
||
| 999 |
_c27304 _d27304 |
||